[Event "Helsinki op"]
[Site "Helsinki"]
[Date "1992.??.??"]
[Round "4"]
[White "Ebeling, Mika"]
[Black "Frolov, Artur"]
[Result "1-0"]
[WhiteElo "2375"]
[BlackElo "2510"]

1.e4 c5 2.Nf3 e6 3.d4 cxd4 4.Nxd4 Nc6 5.Nc3 d6 6.Be3 a6 7.Be2 Nge7 8.Nb3 Ng6
9.a4 b6 10.O-O Be7 11.f4 O-O 12.Qe1 Bh4 13.Qd2 Qc7 14.Rad1 Rd8 15.f5 Nge5
16.Bg5 Bxg5 17.Qxg5 f6 18.Qg3 exf5 19.exf5 Ne7 20.Nd4 d5 21.Kh1 Ra7 22.Bd3 N7c6
23.Nce2 Qd6 24.b3 Re7 25.Rfe1 Rde8 26.Nxc6 Qxc6 27.Nd4 Qc5 28.Bf1 h5 29.h3 Qb4
30.Re2 Bd7 31.Red2 Nf7 32.c3 Qc5 33.Ne6 Bxe6 34.fxe6 Rxe6 35.Rxd5 Qa3 36.Bc4 Ne5
37.Rxe5 fxe5 38.Qxe5 Qe7 39.Re1 Kf7 40.Bxe6+ Qxe6 41.Qxh5+  1-0

[Event "Helsinki op"]
[Site "Helsinki"]
[Date "1992.??.??"]
[Round "4"]
[White "Pyhala, Antti"]
[Black "Nykopp, Jan Michael F"]
[Result "1-0"]
[WhiteElo "2390"]
[BlackElo "2250"]

1.e4 c5 2.Nf3 e6 3.d4 cxd4 4.Nxd4 Nc6 5.Nc3 Qc7 6.g3 a6 7.Bg2 Nf6 8.O-O Be7
9.Re1 O-O 10.Nxc6 dxc6 11.e5 Nd5 12.Qg4 Kh8 13.Bd2 Nxc3 14.Bxc3 b5 15.Rad1 Bb7
16.Rd3 Rad8 17.Red1 Rxd3 18.Rxd3 c5 19.Bxb7 Qxb7 20.Ba5 c4 21.Rd2 Bc5 22.a3 h6
23.c3 f5 24.exf6 Rxf6 25.Bb4 Bb6 26.Bd6 Rf5 27.Bf4 Qf7 28.Qe2 Bxf2+ 29.Qxf2 e5
30.Rd8+ Kh7 31.Qc2 Qg6 32.Rd6 Qg4 33.Rd5 g6 34.Rd7+ Kg8 35.Qe4 Rxf4 36.Qd5+ Kf8
37.Qa8+  1-0

[Event "Helsinki op"]
[Site "Helsinki"]
[Date "1992.??.??"]
[Round "6"]
[White "Sokolov, Andrei"]
[Black "Fominyh, Alexander"]
[Result "1/2-1/2"]
[WhiteElo "2605"]
[BlackElo "2530"]

1.e4 c5 2.Nf3 Nc6 3.d4 cxd4 4.Nxd4 e6 5.Nc3 a6 6.Be2 Qc7 7.O-O Nf6 8.Be3 Bb4
9.Na4 O-O 10.Nxc6 bxc6 11.f4 Be7 12.Bd3 c5 13.c4 Bb7 14.Nc3 d6 15.Qf3 Bc6
16.Qh3 e5 17.Nd5 Bxd5 18.exd5 e4 19.Bc2 Rfb8 20.Rab1 Rb4 21.b3 Qa5 22.a4 Rb7
23.Bc1 Re8 24.Bb2 Qd8 25.Rfe1 Bf8 26.g4 g6 27.g5 Nh5  1/2-1/2

[Event "Helsinki op"]
[Site "Helsinki"]
[Date "1992.??.??"]
[Round "6"]
[White "Rytshagov, Mikhail"]
[Black "Ye Jiangchuan"]
[Result "1/2-1/2"]
[WhiteElo "2450"]
[BlackElo "2545"]

1.e4 c5 2.Nf3 e6 3.d4 cxd4 4.Nxd4 Nc6 5.Nc3 Qc7 6.f4 a6 7.Nxc6 bxc6 8.e5 f5
9.Be3 Ne7 10.Bc5 Nd5 11.Nxd5 cxd5 12.Bxf8 Kxf8  1/2-1/2

[Event "Helsinki op"]
[Site "Helsinki"]
[Date "1992.??.??"]
[Round "7"]
[White "Yurtaev, Leonid"]
[Black "Arakhamia, Ketevan"]
[Result "1-0"]
[WhiteElo "2540"]
[BlackElo "2435"]

1.e4 c5 2.Nf3 Nc6 3.d4 cxd4 4.Nxd4 e6 5.Nc3 a6 6.Be2 Qc7 7.O-O Nf6 8.Be3 b5
9.Nxc6 dxc6 10.f4 b4 11.Na4 c5 12.c3 Bb7 13.cxb4 Rd8 14.Qc2 Nxe4 15.Nxc5 Bxc5
16.bxc5 O-O 17.c6 Nf6 18.Bf3 Bc8 19.Rfd1 Nd5 20.Qc5 Rd6 21.Rac1 Rfd8 22.Bd2 Nxf4
23.Ba5 Rxd1+ 24.Bxd1 Qd6 25.Bxd8 Qd2 26.Bf3 Nd3 27.Bg5  1-0

[Event "FIN-ch (Women)"]
[Site "Helsinki"]
[Date "1992.??.??"]
[Round "7"]
[White "Koskela, Niina"]
[Black "Paasikangas, Johanna"]
[Result "0-1"]
[WhiteElo "2125"]
[BlackElo "2160"]

1.e4 c5 2.Nf3 Nc6 3.d4 cxd4 4.Nxd4 e6 5.Nc3 Nf6 6.Ndb5 d6 7.Bf4 e5 8.Bg5 a6
9.Na3 Be7 10.Be2 b5 11.Bxf6 Bxf6 12.Nd5 Bg5 13.c3 O-O 14.O-O Kh8 15.Nc2 g6
16.a4 bxa4 17.Rxa4 f5 18.Bd3 f4 19.Be2 h5 20.b4 Ra7 21.Ra2 Bh6 22.Na3 Raf7
23.f3 g5 24.Nc4 Rg7 25.Ndb6 Be6 26.Rxa6 Nb8 27.Ra3 Rb7 28.Nd5 Rg8 29.Rf2 g4
30.fxg4 hxg4 31.g3 Rh7 32.Bf1 Bf8 33.Raa2 Qg5 34.Qd2 Qg6 35.Qd3 Nd7 36.Rg2 Nf6
37.Nxf6 Qxf6 38.Rac2 d5 39.Nd2 Qg6 40.Rf2  0-1

[Event "HUN-ch"]
[Site "?"]
[Date "1992.??.??"]
[Round "2"]
[White "Tolnai, Tibor"]
[Black "Horvath, Jozsef"]
[Result "0-1"]
[WhiteElo "2495"]
[BlackElo "2505"]

1.e4 c5 2.Nf3 e6 3.d4 cxd4 4.Nxd4 Nc6 5.Nc3 Qc7 6.f4 a6 7.Nf3 Bc5 8.Bd3 b5
9.Qe2 Nd4 10.Nxd4 Bxd4 11.Bd2 Bb7 12.e5 f5 13.a4 b4 14.Nd1 Qc6 15.Kf1 Bc5
16.Be3 Ne7 17.Qf2 Rc8 18.Bxc5 Qxc5 19.Ne3 Qd4 20.Rd1 Nd5 21.Nxd5 Qxd5 22.h4 Rc4
23.Rd2 Rd4 24.Rh3 O-O 25.b3 Rc8 26.Kg1 Rc3 27.h5 Qc5 28.Kh2 d6 29.Re3 Be4
30.h6 dxe5 31.Qg3 Qc7 32.fxe5 Rc5 33.hxg7 Qxe5 34.Qxe5 Rxe5 35.Rf2 a5 36.Bb5 Kxg7
37.c3 bxc3 38.Rxc3 Bd5 39.Rc7+ Kh6 40.Bc4 Bxc4 41.bxc4 Rh4+ 42.Kg3 Rg4+ 43.Kh2 Rh4+
44.Kg3 Rg4+ 45.Kh2 Re1 46.Rf3 Kg6 47.Rc5 h5 48.Rxa5 Re2 49.Ra8 Rgxg2+ 50.Kh1 Rh2+
51.Kg1 Reg2+ 52.Kf1 Ra2 53.Kg1 Rhc2 54.a5 Rxc4 55.a6 Rc1+ 56.Rf1 Rxf1+ 57.Kxf1 Kf6  0-1

[Event "HUN-chT"]
[Site "HUN"]
[Date "1992.??.??"]
[Round "?"]
[White "Glatt, Gabor"]
[Black "Kormanyos, Zoltan"]
[Result "0-1"]
[WhiteElo "2295"]
[BlackElo "2315"]

1.e4 c5 2.Nf3 e6 3.d4 cxd4 4.Nxd4 Nc6 5.Nc3 Qc7 6.Be3 Nf6 7.f4 d6 8.Qf3 Be7
9.Be2 a6 10.Qg3 Bd7 11.Bf3 O-O 12.O-O-O Rfd8 13.Qf2 Rab8 14.g4 b5 15.g5 Ne8
16.Nxc6 Bxc6 17.f5 b4 18.fxe6 fxe6 19.Bg4 Qd7 20.Rhf1 Nc7 21.Qf7+ Kh8 22.Nd5 Nxd5
23.Bxe6 Nxe3 24.Bxd7 Rxd7 25.Qf4 Nxf1 26.Rxf1 Rdd8 27.Qg4 Re8 28.Re1 Rb5
29.h4 Re5 30.Qd1 Bxe4 31.Qd4 a5 32.b3 Bf8 33.Rf1 Bf5 34.Qa7 g6 35.h5 Bg7
36.Rxf5 Rxf5  0-1

[Event "HUN-chT"]
[Site "HUN"]
[Date "1992.??.??"]
[Round "?"]
[White "Kuklin, Alexander"]
[Black "Szabolcsi, Janos"]
[Result "0-1"]
[WhiteElo "2290"]
[BlackElo "2380"]

1.e4 c5 2.Nf3 e6 3.d4 cxd4 4.Nxd4 Nc6 5.Nc3 Qc7 6.Be2 a6 7.O-O Nf6 8.Be3 Bb4
9.Na4 O-O 10.c4 Be7 11.Nxc6 bxc6 12.c5 Nxe4 13.Qc2 f5 14.Nb6 Rb8 15.Nxc8 Qxc8
16.Rfd1 a5 17.Bf3 Qc7 18.Bxe4 fxe4 19.Rab1 Rb5 20.Rd2 Rf5 21.Rbd1 Rd5 22.Qxe4 Rxb2
23.Rxd5 cxd5 24.Qd4 Rb4  0-1

[Event "HUN-chT"]
[Site "HUN"]
[Date "1992.??.??"]
[Round "?"]
[White "Zimmersmann, Rita"]
[Black "Kapu, Jeno"]
[Result "0-1"]
[WhiteElo "2255"]
[BlackElo "2220"]

1.e4 c5 2.Nf3 e6 3.d4 cxd4 4.Nxd4 Nc6 5.Nc3 d6 6.Be3 Nf6 7.Be2 Be7 8.O-O O-O
9.f4 Bd7 10.Kh1 Nxd4 11.Bxd4 Bc6 12.Bf3 Qc7 13.Qe1 e5 14.fxe5 dxe5 15.Qg3 Bd6
16.Be3 Kh8 17.a4 a6 18.Qh4 Be7 19.Bg5 Rad8 20.Bg4 Ng8 21.Rae1 h6 22.Bxe7 Qxe7
23.Qg3 Nf6 24.Bf3 Rfe8 25.Qf2 Qb4 26.Nd5 Bxd5 27.exd5 e4 28.Qh4 Qxb2 29.Bxe4 Qd4
30.Rf4 Qe5 31.Rf5 Qe7 32.Rf4 Nxd5 33.Qxe7 Rxe7 34.Rff1 Rde8 35.Bxd5 Rxe1
36.Bc4 Rxf1+ 37.Bxf1 Re1 38.Kg1 Rc1  0-1

[Event "HUN-chT"]
[Site "HUN"]
[Date "1992.??.??"]
[Round "?"]
[White "Fusthy, Zsolt"]
[Black "Szabolcsi, Janos"]
[Result "1-0"]
[WhiteElo "2285"]
[BlackElo "2380"]

1.e4 c5 2.Nf3 e6 3.d4 cxd4 4.Nxd4 Nc6 5.Nc3 Qc7 6.Be3 a6 7.Bd3 b5 8.O-O Bb7
9.Re1 Nf6 10.h3 Be7 11.Qe2 O-O 12.a3 Rac8 13.Nxc6 Qxc6 14.Bd4 Rfd8 15.Nb1 d6
16.Nd2 Nd7 17.Nb3 Ba8 18.a4 bxa4 19.Na5 Qc7 20.Rxa4 Rb8 21.Nb3 Bf6 22.Bxf6 Nxf6
23.Rxa6 Rb4 24.f3 d5 25.e5 Nd7 26.Qd2 Rbb8 27.Qa5 Nb6 28.Qc5 Qxc5+ 29.Nxc5 Rdc8
30.b4 Nc4 31.Bxc4 dxc4 32.c3 Rd8 33.Kf2 h5 34.g4 h4 35.Ra7 Rd2+ 36.Re2 Rd1
37.Rea2 Bd5 38.Rc7 Rc1 39.Raa7 Rc2+ 40.Ke1 Rf8 41.g5 Rxc3 42.g6 Re3+ 43.Kd2 Rxf3
44.b5 Rxh3 45.Rxf7 Ra8 46.Rxg7+ Kh8 47.Rh7+ Kg8 48.Rag7+  1-0

[Event "HUN-chT"]
[Site "HUN"]
[Date "1992.??.??"]
[Round "9"]
[White "Waldmann, Ivan"]
[Black "Kapu, Jeno"]
[Result "0-1"]
[WhiteElo "2320"]
[BlackElo "2220"]

1.e4 c5 2.Nf3 e6 3.d4 cxd4 4.Nxd4 Nc6 5.Nc3 d6 6.Be2 Be7 7.O-O Nf6 8.Kh1 O-O
9.f4 Bd7 10.Nxc6 Bxc6 11.Bd3 d5 12.e5 Ne4 13.Qe2 Nxc3 14.bxc3 d4 15.cxd4 Qxd4
16.Be3 Qc3 17.Rab1 Bd5 18.Bd2 Qc7 19.c4 Bc6 20.Rb3 g6 21.f5 exf5 22.Bh6 Rfe8
23.Bxf5 Bf8 24.Bxf8 Rxe5 25.Qd2 Rxf8 26.Rh3 f6 27.Bd3 Rg5 28.Rf2 Qe5 29.Re3 Qa1+
30.Re1 Qd4 31.Re3 Qa1+ 32.Re1 Qd4 33.Re3 Rd8 34.Qe1 Qh4 35.Bf1 Rf5 36.Rxf5 Qxe1
37.Rxe1 gxf5 38.Kg1 Kf7 39.Kf2 Rd2+ 40.Re2 Rd4 41.Rb2 Ke6 42.g3 f4 43.Be2 Kd6
44.gxf4 Rxf4+ 45.Ke3 Re4+ 46.Kf2 h5 47.Bd3 Rh4 48.Ke3 Ke5 49.Rf2 Rh3+ 50.Kd2 Rf3
51.Rxf3 Bxf3 52.Ke3 Bc6 53.h4 f5 54.Be2 f4+ 55.Kf2 Be8 56.c5 b6 57.cxb6 axb6
58.Bd3 Bd7 59.Bg6 Bg4 60.Bf7 Kd4 61.a4 Kc3 62.Be8 Kb4 63.Bc6 Kc5 64.Be8 Kd4
65.Bc6 Bd1 66.Ke1 Bb3 67.Kf2 Ke5 68.Be8 Kf5 69.Bxh5 Bxa4 70.Bf7 Kg4 71.h5 Kg5
72.Ke2 Bd7 73.Kd3 Bg4 74.Ke4 f3 75.Ke3 b5 76.Bd5 b4 77.Kd3 b3 78.Kc3 f2 79.Bc4 Kxh5  0-1

[Event "HUN-chT"]
[Site "HUN"]
[Date "1992.??.??"]
[Round "10"]
[White "Bordos, Janos"]
[Black "Somogyi, Istvan"]
[Result "0-1"]
[WhiteElo "2235"]
[BlackElo "2290"]

1.e4 c5 2.Nf3 e6 3.d4 cxd4 4.Nxd4 Nc6 5.Nc3 Qc7 6.Be3 a6 7.Be2 Nf6 8.O-O Bb4
9.Bd3 b5 10.Nce2 Bb7 11.Nxc6 Bxc6 12.f3 d5 13.exd5 Nxd5 14.Bf2 Rd8 15.Qc1 Bd6
16.h3 O-O 17.Qg5 Nb4 18.Rad1 h6 19.Qg4 Nxd3 20.Rxd3 Bd5 21.Be3 Bc4 22.Rxd6 Rxd6
23.Bxh6 f5 24.Qg3 e5 25.Qxe5 gxh6  0-1

[Event "HUN-chT"]
[Site "HUN"]
[Date "1992.??.??"]
[Round "14"]
[White "Almasi, Istvan"]
[Black "Bardossi, Jeno"]
[Result "1-0"]
[WhiteElo "2350"]
[BlackElo "2280"]

1.e4 c5 2.Nf3 e6 3.Nc3 Nc6 4.d4 cxd4 5.Nxd4 Qc7 6.g3 a6 7.Bg2 b5 8.O-O Bb7
9.Re1 d6 10.a4 b4 11.Nd5 Qa5 12.Qh5 exd5 13.Nxc6 Bxc6 14.exd5+ Ne7 15.Bg5 Bd7
16.Bxe7 Bxe7 17.Qg5 Qd8 18.Qxg7 Rf8 19.Qxh7 Bc8 20.Re4 Qa5 21.Qh6 Ra7 22.Qxd6 Rd7
23.Qf6 Qc5 24.Rae1 Bb7 25.Re5 Bc8 26.Bh3 Kd8 27.Rxe7 Qxe7 28.Rxe7 Rxe7 29.Bxc8  1-0

[Event "Iraklion op"]
[Site "Iraklion"]
[Date "1992.??.??"]
[Round "7"]
[White "Hector, Jonny"]
[Black "Conquest, Stuart"]
[Result "1-0"]
[WhiteElo "2535"]
[BlackElo "2505"]

1.e4 c5 2.Nf3 Nc6 3.Nc3 e6 4.d4 cxd4 5.Nxd4 Qc7 6.f4 Bc5 7.Nb3 Be7 8.Be3 b6
9.Be2 Bb7 10.Qd2 Rd8 11.O-O-O d6 12.g4 Nf6 13.g5 Nd7 14.Nb5 Qc8 15.Qc3 d5
16.Qxg7 Rf8 17.exd5 Nb4 18.Nc3 Bxd5 19.Rxd5 Nxd5 20.Nxd5 exd5 21.Nd4 Qc5
22.Qxh7 Rc8 23.Bb5 a6 24.Bxa6 Ra8 25.Qd3 Rh8 26.a4 Qc7 27.Bb5 Bc5 28.g6 Bxd4
29.Qxd4 Ke7 30.Qxd5  1-0

[Event "Katerini op"]
[Site "Katerini"]
[Date "1992.??.??"]
[Round "?"]
[White "Hector, Jonny"]
[Black "Makropoulou, Marina"]
[Result "1-0"]
[WhiteElo "2535"]
[BlackElo "2285"]

1.Nc3 c5 2.Nf3 Nc6 3.e4 e6 4.d4 cxd4 5.Nxd4 Qc7 6.f4 Nxd4 7.Qxd4 a6 8.a3 b5
9.Bd3 Bb7 10.b4 Be7 11.O-O d6 12.Bb2 Bf6 13.Qe3 Ne7 14.Rae1 Ng6 15.Ba1 O-O
16.Ne2 Bxa1 17.Rxa1 Rac8 18.Qh3 Rfe8 19.Rf3 f5 20.exf5 exf5 21.Rf2 Be4 22.Bxe4 fxe4
23.c3 Qc4 24.Qh5 Qd3 25.Rff1 Rf8 26.Kh1 Rf6 27.Rad1 Qe3 28.Qd5+ Kh8 29.Qd2 Qxd2
30.Rxd2 Ne5 31.Rd4 Nc4 32.Ra1 e3 33.a4 h6 34.axb5 axb5 35.Rd5 Rb8 36.g3 g5
37.Kg2 gxf4 38.Nxf4 Nd2 39.Re1 Nc4 40.Kf3 Kh7 41.Ra1 Rf7 42.Ke2 Kg8 43.Ra6 Kf8
44.Rd1 Rbb7 45.Ra8+ Kg7 46.Rda1 Kh7 47.R1a6 Rbc7 48.Rb8 Ra7 49.Rxa7 Rxa7
50.Rxb5 Ra3 51.Rb7+ Kg8 52.Kd3 Ne5+ 53.Kxe3 Rxc3+ 54.Ke4 Ng4 55.Nd5 Rb3 56.Kf5 Nxh2
57.g4 Nf3 58.Kf6  1-0

[Event "Katerini op"]
[Site "Katerini"]
[Date "1992.??.??"]
[Round "?"]
[White "Pandavos, Panayotis"]
[Black "Nikolaidis, Konstantinos"]
[Result "1-0"]
[WhiteElo "2430"]
[BlackElo "2245"]

1.e4 c5 2.Nc3 Nc6 3.Nge2 e6 4.d4 cxd4 5.Nxd4 Nf6 6.Nxc6 bxc6 7.Bd3 e5 8.O-O d6
9.h3 Be7 10.f4 exf4 11.Bxf4 Qb6+ 12.Kh1 Qxb2 13.e5 Qxc3 14.exf6 Qxf6 15.Qe2 d5
16.Rae1 Be6 17.Bd6 Qh4 18.Rxf7 Qxe1+ 19.Qxe1 Kxf7 20.Bxe7 Rhe8 21.Bc5 Kg8
22.Qh4 h6 23.Bg6 Bf7 24.Bxf7+ Kxf7 25.Qh5+ Kg8 26.Qg6 Rac8 27.Kh2 a5 28.Bd4  1-0

[Event "Katowice op"]
[Site "Katowice"]
[Date "1992.??.??"]
[Round "2"]
[White "Balashov, Yuri S"]
[Black "Tregubov, Pavel V"]
[Result "1-0"]
[WhiteElo "2565"]
[BlackElo "2385"]

1.e4 c5 2.Ne2 Nc6 3.Nbc3 e6 4.d4 cxd4 5.Nxd4 Qc7 6.Be3 a6 7.Bd3 Nf6 8.O-O Nxd4
9.Bxd4 Bc5 10.Bxf6 gxf6 11.Qg4 Kf8 12.Kh1 h5 13.Qh3 Qf4 14.Be2 b5 15.Rad1 Ke7
16.Rd5 Bb4 17.Rxh5 Rxh5 18.Qxh5 Bb7 19.Bd3 Rg8 20.Ne2 Qe5 21.Qxe5 fxe5 22.f3 d5
23.exd5 exd5 24.Ng3 Bd2 25.Rd1 Bf4 26.Ne2 Bg5 27.Bf5 Kf6 28.g4 Rh8 29.Kg2 Be3
30.Nc3 d4 31.Ne2 Kg5 32.c3 Rd8 33.cxd4 exd4 34.Kg3 Kf6 35.Nf4 a5 36.h4 a4
37.Ng2 Re8 38.Re1 Re5 39.Nxe3 Rxe3 40.Rxe3 dxe3 41.Bd3  1-0

[Event "Katowice op"]
[Site "Katowice"]
[Date "1992.??.??"]
[Round "8"]
[White "Landa, Konstantin"]
[Black "Filipenko, Alexander V"]
[Result "1/2-1/2"]
[WhiteElo "2440"]
[BlackElo "2375"]

1.e4 c5 2.Nc3 e6 3.Nf3 Nc6 4.d4 cxd4 5.Nxd4 Nf6 6.Nxc6 bxc6 7.e5 Nd5 8.Ne4 Qa5+
9.c3 f5 10.exf6 Nxf6 11.Nd6+ Bxd6 12.Qxd6 Ba6 13.Bxa6 Qxa6 14.Be3 Kf7 15.a3 Rhb8
16.O-O-O Qc4 17.Qd3 Qa2 18.Qb1 Qxb1+ 19.Kxb1 d5 20.Bf4 Rb7 21.Kc2 a5 22.b3 c5
23.f3 a4 24.b4 Rc8 25.Kd3 d4 26.cxd4 cxb4 27.axb4 Rxb4 28.Rb1 Nd5 29.Bd2 Rxb1
30.Rxb1 Ra8 31.Ra1 a3 32.Bc1 a2 33.Kc2 Ra4 34.Kb3 Rb4+ 35.Kxa2 Rxd4 36.Kb3 Rd3+
37.Kb2 Nf6 38.Ra4 Rd5 39.Kc2 Rc5+ 40.Kd2 Rb5 41.h4 h6 42.Kc2  1/2-1/2

[Event "Katowice op"]
[Site "Katowice"]
[Date "1992.??.??"]
[Round "8"]
[White "Petrienko, Vladimir"]
[Black "Tregubov, Pavel V"]
[Result "1-0"]
[WhiteElo "2440"]
[BlackElo "2385"]

1.e4 c5 2.Nc3 e6 3.Nf3 Nc6 4.d4 cxd4 5.Nxd4 Qc7 6.a3 a6 7.Be2 Nf6 8.Be3 d6
9.O-O Bd7 10.f4 Be7 11.Qe1 O-O 12.Qg3 Kh8 13.Kh1 Rfe8 14.Rae1 Bf8 15.Nf3 Kg8
16.e5 Nd5 17.Bd3 g6 18.Nxd5 exd5 19.f5 Bxf5 20.Bxf5 dxe5 21.Ng5 Bg7 22.Bh3 f5
23.c3 Re7 24.Bc5 Ree8 25.Qd3 Qd7 26.Bxf5 gxf5 27.Rxf5 Rad8 28.Rf7 e4 29.Qf1 Qg4
30.Rxg7+ Kxg7 31.Qf7+ Kh6 32.Be3 Qxg5 33.Qf6+  1-0

[Event "Katowice op"]
[Site "Katowice"]
[Date "1992.??.??"]
[Round "9"]
[White "Renet, Olivier"]
[Black "Pogorelov, Ruslan"]
[Result "1-0"]
[WhiteElo "2495"]
[BlackElo "2385"]

1.e4 c5 2.Nf3 e6 3.d4 cxd4 4.Nxd4 Nc6 5.Nc3 d6 6.g4 a6 7.Be3 Qc7 8.Bg2 Nf6
9.g5 Nd7 10.f4 Be7 11.Qe2 Nxd4 12.Bxd4 O-O 13.O-O-O b5 14.e5 dxe5 15.fxe5 Bxg5+
16.Kb1 Bb7 17.Bxb7 Qxb7 18.Ne4 Bh6 19.Nd6 Qc6 20.Qh5 f5 21.Rhg1 Kh8 22.Nf7+ Rxf7
23.Qxf7 Rc8 24.Bc3 Nf8 25.Bd2 Qxc2+ 26.Ka1 Qc7 27.Qxc7 Rxc7 28.Bxh6 gxh6
29.Rd8 Rf7 30.Kb1 h5 31.Kc2 h6 32.Ra8 f4 33.Kd3 Kh7 34.Rxa6 h4 35.Ke4 h5
36.Rf1 Nd7 37.b4 Rf5 38.Rxe6  1-0

[Event "Katowice op"]
[Site "Katowice"]
[Date "1992.??.??"]
[Round "9"]
[White "Filipenko, Alexander V"]
[Black "Tunik, Gennady"]
[Result "0-1"]
[WhiteElo "2375"]
[BlackElo "2450"]

1.e4 c5 2.Nf3 e6 3.d4 cxd4 4.Nxd4 Nc6 5.Nc3 a6 6.f4 Nxd4 7.Qxd4 b5 8.a4 b4
9.Nd1 Qc7 10.Bd3 Nf6 11.Be3 d5 12.e5 Nd7 13.b3 Bc5 14.Qb2 f6 15.exf6 Nxf6
16.Bxc5 Qxc5 17.Qe5 O-O 18.h3 Ra7 19.Nf2 Re7 20.O-O Nd7 21.Qg5 Ref7 22.Kh1 Rxf4
23.Ng4 Rxf1+ 24.Rxf1 Rxf1+ 25.Bxf1 Qf8 26.Bd3 Nc5 27.Qe3 Bd7 28.Ne5 Be8 29.a5 Qd6
30.Qd4 Nxd3 31.Nxd3 Bb5 32.Qxb4 Qxb4 33.Nxb4 d4 34.Kg1 Kf7 35.Kf2 e5 36.Kf3 Ke6
37.g4 g5 38.Nd3 Bxd3 39.cxd3 Kd5 40.Ke2 Kc5  0-1

[Event "JUG-ch"]
[Site "Kladovo"]
[Date "1992.??.??"]
[Round "5"]
[White "Radovanovic, Jovica"]
[Black "Bakic, Rados"]
[Result "0-1"]
[WhiteElo "2240"]
[BlackElo "2410"]

1.e4 c5 2.Nf3 Nc6 3.d4 cxd4 4.Nxd4 e6 5.Nc3 Qc7 6.g3 a6 7.Bg2 h5 8.h3 h4
9.g4 Nxd4 10.Qxd4 Ne7 11.Be3 b5 12.O-O Nc6 13.Qd1 Bb7 14.Ne2 Ne5 15.b3 Rc8
16.c3 Bc5 17.Nd4 d6 18.Rc1 Nd7 19.g5 g6 20.Kh1 e5 21.f4 Ba3 22.Ne2 Bxc1 23.Bxc1 Nc5
24.Qc2 Qc6 25.Kh2 Nxe4 26.fxe5 d5 27.Ba3 Qe6 28.Qd3 Qxe5+ 29.Kg1 Rh5 30.Bc1 Kf8
31.Bf4 Qe7 32.Bf3 Rxg5+ 33.Bxg5 Qxg5+ 34.Bg2 Kg8 35.Qd4 Re8 36.Nf4 Ng3 37.Rf2 Re7
38.Kh2 Nf5  0-1

[Event "JUG-ch"]
[Site "Kladovo"]
[Date "1992.??.??"]
[Round "5"]
[White "Ivanovic, Bozidar"]
[Black "Antic, Dejan"]
[Result "1/2-1/2"]
[WhiteElo "2470"]
[BlackElo "2405"]

1.e4 c5 2.Nf3 e6 3.d4 cxd4 4.Nxd4 Nc6 5.Nc3 a6 6.Be2 Qc7 7.O-O Nf6 8.Kh1 Be7
9.f4 d6 10.Be3 O-O 11.Qe1 Bd7 12.Qg3 Kh8 13.Nf3 Nb4 14.Bd3 Bb5 15.Rad1 d5
16.Bd4 dxe4 17.Nxb5 axb5 18.Bxe4 Nc6 19.Bxc6 Qxc6 20.c3 Rxa2 21.Ne5 Qe4 22.Rfe1 Qf5
23.Qf3 Nd5 24.Nd3 Bd6 25.Rf1 h5 26.h3 h4 27.Rde1 Kg8 28.Be5 Be7 29.Bd4 f6
30.Qe2 Ra6 31.Bf2 Rd8 32.Bxh4 Nxc3 33.bxc3 Qxd3 34.Qh5 Qd5 35.f5 Ra2 36.Qg4 e5
37.Bf2 Qc4 38.Qf3 Qc6 39.Qg3 Rdd2 40.Rd1 Qe4 41.Rxd2 Rxd2 42.Qg6 Qe2 43.Kg1 Rd1
44.Qe8+ Bf8 45.Rxd1 Qxd1+ 46.Kh2 Qd5 47.g4 Qc6 48.Qxc6 bxc6 49.Kg3 Kf7 50.Kf3 Ba3
51.Ke4 Bb2 52.Be1 Ke7 53.Bd2 Kd6 54.h4 c5 55.g5 fxg5 56.hxg5 c4 57.g6 Ke7
58.Be1 Ba1 59.Bh4+ Kf8 60.Be1 Bb2 61.Bd2 Ke7 62.Be1 Ke8 63.Bd2 Kf8  1/2-1/2

[Event "JUG-ch"]
[Site "Kladovo"]
[Date "1992.??.??"]
[Round "9"]
[White "Ivanovic, Bozidar"]
[Black "Vratonjic, Slobodan"]
[Result "1/2-1/2"]
[WhiteElo "2470"]
[BlackElo "2280"]

1.e4 c5 2.Nf3 e6 3.d4 cxd4 4.Nxd4 Nc6 5.Nc3 Qc7 6.Be2 Nf6 7.O-O Be7 8.Kh1 O-O
9.f4 d6 10.Be3 Nxd4 11.Bxd4 e5 12.Be3 exf4 13.Bxf4 Be6 14.Qd4 Ne8 15.Qd3 a6
16.Nd5 Bxd5 17.Qxd5 Bf6 18.c3 Rc8 19.Bg4 Rb8 20.Bd1 Qe7 21.Bb3 Rc8 22.Rad1 Rc5
23.Qd2 Rh5 24.Qe2 Rc5 25.Rf3 Be5 26.Be3 Rc7 27.Rdf1 Nf6 28.Bg5 Qe8 29.Rh3 Qb5
30.c4 Qc5 31.Be3 Qc6  1/2-1/2

[Event "Kobanya op"]
[Site "Kobanya op"]
[Date "1992.??.??"]
[Round "1"]
[White "Landa, Konstantin"]
[Black "Frolov, Artur"]
[Result "0-1"]
[WhiteElo "2440"]
[BlackElo "2495"]

1.e4 c5 2.Nc3 Nc6 3.Nf3 e6 4.d4 cxd4 5.Nxd4 d6 6.Be2 a6 7.Nxc6 bxc6 8.O-O Ne7
9.Be3 Ng6 10.Na4 Rb8 11.c4 c5 12.f4 Be7 13.Qc2 O-O 14.Rad1 Qc7 15.Rd2 Bb7
16.Rfd1 f5 17.Bd3 Nh4 18.Nc3 Bf6 19.exf5 Bxc3 20.Qxc3 Qc6 21.Qc2 Rbe8 22.Rf2 exf5
23.Bc1 Rf6 24.Bf1 Rg6 25.Rd3 Re1 26.Rd5 Qe8 27.Bd2 Bxd5 28.cxd5 Nxg2 29.Kh1 Ne3  0-1

[Event "Kobanya op"]
[Site "Kobanya op"]
[Date "1992.??.??"]
[Round "4"]
[White "Varavin, Viktor"]
[Black "Tregubov, Pavel V"]
[Result "0-1"]
[WhiteElo "2465"]
[BlackElo "2385"]

1.e4 c5 2.Nf3 Nc6 3.d4 cxd4 4.Nxd4 e6 5.Nc3 Qc7 6.Be2 a6 7.O-O Nf6 8.Be3 Bb4
9.Na4 O-O 10.c4 Bd6 11.g3 Nxe4 12.Bf3 f5 13.Bxe4 fxe4 14.c5 Be5 15.Qd2 Bxd4
16.Bxd4 d5 17.cxd6 Qxd6 18.Rfd1 b5 19.Qc3 Nxd4 20.Rxd4 Qe7 21.Nc5 Rf3 22.Qc2 e3
23.fxe3 e5 24.Qe4 Rf8 25.Qxa8 exd4 26.Qd5+ Kh8 27.Qxd4 Rd8 28.Qc3 b4 29.Qxb4 Qxe3+
30.Kh1 Bh3 31.Qc3 Qf2 32.Rg1 Bg2+  0-1

[Event "Kobanya op"]
[Site "Kobanya op"]
[Date "1992.??.??"]
[Round "5"]
[White "Roos, Jean Luc"]
[Black "Kallai, Gabor"]
[Result "1-0"]
[WhiteElo "2335"]
[BlackElo "2455"]

1.e4 c5 2.Nc3 e6 3.Nge2 Nc6 4.d4 cxd4 5.Nxd4 Qc7 6.Be2 Nf6 7.O-O a6 8.Be3 Be7
9.Kh1 d6 10.Nb3 b5 11.a3 O-O 12.f4 Bb7 13.Bf3 Nd7 14.Qe1 Nb6 15.Nd2 Na5 16.Rd1 Rac8
17.Ndb1 Nbc4 18.Bc1 Nc6 19.Qe2 Bf6 20.b3 Nb6 21.Be3 Rfd8 22.Qf2 Nd7 23.Ne2 e5
24.f5 Nd4 25.Nxd4 exd4 26.Bxd4 Qxc2 27.Bxf6 Qxf2 28.Rxf2 Nxf6 29.Re2 Re8
30.Nd2 Kf8 31.Kg1 g6 32.fxg6 hxg6 33.e5 Bxf3 34.Nxf3 dxe5 35.Nxe5 Rc3 36.Rf1 Kg7
37.Ref2 Re6 38.Nf3 Ng4 39.Rd2 Rxb3 40.Nd4 Rxa3 41.Nxe6+ fxe6 42.h3 Nf6 43.Rd6 a5
44.Rxe6 Nd5 45.Rd1 Nf4 46.Re4 Nh5 47.Rd7+ Kh6 48.Re5 Ra1+ 49.Kf2 Ra2+ 50.Kf3 Ra3+
51.Re3 Ra4 52.g3 Rb4 53.Rf7 Rb1 54.Ke2 b4 55.g4 b3 56.gxh5 a4 57.Rb7 Rh1
58.hxg6 Kxg6 59.Rb6+ Kf5 60.Rb5+ Kf4 61.Rb4+ Kf5  1-0

[Event "Komotini op"]
[Site "Komotini"]
[Date "1992.??.??"]
[Round "?"]
[White "Hector, Jonny"]
[Black "Tsevremes, Ioannis"]
[Result "1-0"]
[WhiteElo "2535"]
[BlackElo "2215"]

1.e4 c5 2.Nf3 Nc6 3.Nc3 e6 4.d4 cxd4 5.Nxd4 Qc7 6.f4 a6 7.Nxc6 dxc6 8.Bd3 e5
9.O-O Nf6 10.Qe1 Bd6 11.Ne2 Bg4 12.f5 Bxe2 13.Qxe2 Bc5+ 14.Kh1 h5 15.Bg5 h4
16.Qe1 Rh7 17.Bxh4 O-O-O 18.h3 Rdh8 19.Bg3 Qb6 20.Rb1 Ng4 21.Qe2 Ne3 22.Rf3 Ng4
23.Bc4 Qc7 24.b4 Ba7 25.a4 b5 26.axb5 axb5 27.Bd3 Nf6 28.c4 bxc4 29.Bxc4 Nh5
30.b5 Nf4 31.Bxf4  1-0

[Event "Ladenburg BM"]
[Site "Ladenburg"]
[Date "1992.??.??"]
[Round "5"]
[White "Schmaltz, Roland"]
[Black "Pfrommer, Christoph"]
[Result "1-0"]
[WhiteElo "2310"]
[BlackElo "2310"]

1.e4 c5 2.Nf3 e6 3.d4 cxd4 4.Nxd4 Nc6 5.Nc3 Nf6 6.Nxc6 bxc6 7.Bd3 e5 8.O-O d6
9.Kh1 Be7 10.f4 exf4 11.Bxf4 Ng4 12.Bc4 O-O 13.Qe2 Bf6 14.Rf3 Ne5 15.Bxe5 dxe5
16.Rd3 Qc7 17.Rad1 Rd8 18.Rxd8+ Bxd8 19.Qh5 Bf6 20.Na4 Qe7 21.Nc5 g6 22.Qf3 Bg4
23.Qxg4 Qxc5 24.b3 Rd8 25.Rxd8+ Bxd8 26.Qd7 Qe7 27.Qxc6 Kg7 28.Qd5 Bb6 29.Qd1 Qf6
30.Qf1 Qxf1+ 31.Bxf1 Bd4 32.g3 f5 33.Bd3 Kf6 34.Kg2 f4 35.Kf3 g5 36.g4 Ke7
37.Ke2 Kd6 38.Kd2 Kc5 39.c3 Be3+ 40.Kc2 a5 41.Be2 Bg1 42.h3 Bf2 43.a3 a4
44.b4+ Kb6 45.Kd3 Be3 46.Bd1 Bc1 47.Bxa4 f3 48.Bd1 f2 49.Be2 Bxa3 50.Kc2 h6
51.Kb3 Bc1 52.c4 Be3 53.c5+ Kc6 54.Kc4 Bd4 55.b5+ Kc7 56.Kd5 Be3 57.c6 Bd4
58.Ke6 Bc3 59.Kf6 Kd6 60.Kg6 Ba5 61.Kxh6 Bd8 62.Kg6 Be7 63.Kf7 Bd8 64.Bf1 Bb6
65.h4  1-0

[Event "Lenk op"]
[Site "Lenk"]
[Date "1992.??.??"]
[Round "?"]
[White "Ziatdinov, Raset"]
[Black "Kaenel, Hansjuerg"]
[Result "1-0"]
[WhiteElo "2460"]
[BlackElo "2350"]

1.e4 c5 2.Nf3 e6 3.d4 cxd4 4.Nxd4 Nc6 5.Nc3 Qc7 6.Be3 g6 7.Bd3 Nf6 8.O-O Ne5
9.Be2 d6 10.a4 b6 11.f4 Ned7 12.f5 e5 13.Nb3 Bb7 14.Bf3 Be7 15.Rf2 h6 16.Rd2 Rc8
17.Qf1 O-O 18.g4 Nh7 19.Rad1 Rfd8 20.Be2 Ra8 21.Qf2 Bc6 22.h4 Qb7 23.Bf3 Nc5
24.Nxc5 dxc5 25.Qg3 f6 26.Qf2 Rxd2 27.Rxd2 Rd8 28.Rxd8+ Bxd8 29.Qf1 a5 30.Be2 Kh8
31.Ba6 Qd7 32.Bb5 Bxb5 33.axb5 Nf8 34.Qc4 g5 35.h5 Kg7 36.Nd5 Qd6 37.Kf2 Nd7
38.Ke2 Kf8 39.c3 Kg7 40.Kd3 Be7 41.Kc2 Bf8 42.Bd2 Be7 43.b4 axb4 44.cxb4 Bf8
45.Kb3 Kh8 46.Be3 Kg7 47.bxc5 bxc5 48.Qa4 Be7 49.Qa6 Kf7 50.Kc4 Ke8 51.Qc8+ Kf7
52.Qc6 Ke8 53.Bd2 Kf7 54.Ba5 Ke8 55.Qc8+ Kf7 56.Bc7  1-0